|
|
|
|
| LEADER |
00000naa a2200000uu 4500 |
| 001 |
vtls010962914 |
| 003 |
SK-MaSNL |
| 005 |
20260302121328.0 |
| 008 |
210907|2007 xo |||||||||||||||||slo| |
| 015 |
|
|
|a SNBRA
|
| 035 |
|
|
|a (urnnbn)urn:nbn:sk:snk:ar-a0btbo
|
| 035 |
|
|
|a (uuid)30988397-7a40-4c0a-8cc0-e7e62d439c0f
|
| 035 |
|
|
|a urn:nbn:sk:snk-aaukx2
|
| 040 |
|
|
|a SNKBUCL
|b slo
|c SNKBUCL
|e AACR2
|
| 041 |
0 |
|
|a slo
|
| 044 |
|
|
|a xo
|c SK
|
| 100 |
1 |
|
|a Ondriš, Kamil
|4 aut
|9 803161
|
| 245 |
1 |
0 |
|a Kartografická reprezentácia vrstiev krajinnej pokrývky vysokohorskej krajiny
|c Kamil Ondriš
|
| 773 |
0 |
|
|t Študentská vedecká konferencia
|d Bratislava : Kartprint, 2007
|g S. 244-246
|z 9788088870654
|
| 958 |
|
|
|a OND
|
| 958 |
|
|
|a article11
|
| 958 |
|
|
|a chapter
|
| 999 |
|
|
|c 1273601
|d 1275531
|